000 00536nam a2200205Ia 4500
001 3191
003 GE_BSU
008 181216s||||||||xx |||||||||||||| ||und||
040 _cGE_BSU
080 _a622.696:622.323
100 _aРжавский,Е.Л.
245 _aМорские и речные нефтебазы.
260 _aМ.
260 _bНедра.
260 _c1976.
300 _a248 стр. с илл. 21 см.
300 _eтабл.
653 _aМорские и речные нефтебазы.
942 _cBK
999 _c37232
_d37232